000 00643nab a2200193 4500
999 _c372355
_d372355
001 90031
003 OSt
005 20230411133407.0
007 tu
008 110905s2000|||||||
040 _aDE-2950
_cDE-2950
245 0 0 _aBetrieb startet nicht vor 2026.
_bBestattung. das Krematorium auf dem Hauptfriedhof in Frankfurt soll wieder genutzt werden. Doch Denkmal- und Klimaschutzfragen verzögern das Vorhaben /
_cLisa Mahlke
264 _c2023
653 _aFrankfurt (Oder)
653 _aHauptfriedhof
653 _aKrematorium
773 0 _g34. Jahrgang (2023) Nr. 82, 06.04.2023, S. 13: mit Foto
_tMärkische Oderzeitung
942 _2z
_cA